01082 a2200205 45000010006000000050017000060080041000230030015000640400040000790800045001192450089001640200022002532640042002753000019003175050399003360410008007351000016007437000018007598560099007774949120260407155758.0260407a2015 arg spa dAR-UNSa-BCEJYS aAR-UNSa-BCEJYSbspacAR-UNSa-BCEJYS a378.18xVida y costumbres estudiantiles 10aLos estudiantes de la universidad actualpquiénes son, cómo son y qué estudian a978-84-9921-783-0 1aBarcelona :bEdiciones Octaedroc2015 a150 p.c23 cm. a1. La reforma metodológica y la dimensión social en la Universidad de Bolonia - 2. ¿Quiénes son y cómo son los estudiantes de las universidades españolas? - 3. Equidad educativa: efectos primarios y secundarios - 4. Elecciones educativas y variaciones debido al contexto: cambios estructurales, crisis económica y aumento de tasas universitarias - 5. En clave de recomendaciones -  aspa1 aDaza, Lidia1 aElias, Marina41uhttps://www.biblioeco.unsa.edu.ar/pmb/images/libros/L128142.jpgyImagen de portadaqimage/jpeg